Missing Word: Disney Songs IV Quiz Stats

 Plays Quiz Updated Mar 29, 2015

Challenge
Share
Tweet
Embed
Score 0/20 Timer 03:00
4 Plays Today
Disney Song Missing Word % Correct
I Just ____ Wait to be KingCan't
98.5%
Can You ___ the Love TonightFeel
95.6%
Let It ___Go
91.5%
A ____ of SugarSpoonful
88.5%
____ the GirlKiss
87.7%
____ Knows BestMother
81.6%
If I Didn’t Have ____You
81.3%
____ a Little DeeperDig
79.9%
Bring Honor to ___ AllUs
76%
____ to HeroZero
73.1%
Disney Song Missing Word % Correct
A ____ Worth Fighting ForGirl
72.6%
I See the ____Light
70.7%
Reindeer Are Better Than ____People
66.2%
Poor ____ SoulsUnfortunate
65.2%
A ____ Like MeFriend
63.5%
The Gospel ____Truth
50.6%
Why Should I ____Worry
41.5%
Two Worlds, One ____Family
38.4%
Not in ____Nottingham
25.3%
Stand ____Out
17.8%

Today's Daily Dose

Missing Word
No Snow!

Word Ladder
Wild Cats

On This Day
December 16th II

You're not logged in!

Compare scores with friends on all Sporcle quizzes.
OR
Log In

You Might Also Like...

Show Comments

Extras

Top Quizzes Today


Score Distribution

Your Account Isn't Verified!

In order to create a playlist on Sporcle, you need to verify the email address you used during registration. Go to your Sporcle Settings to finish the process.

Report this User

Report this user for behavior that violates our Community Guidelines.

Details: